000 00293nam a2200121Ia 4500
008 240731s9999 xx 000 0 und d
022 _a1996-8523
245 0 _aPhilosophical Papers
260 _bRoutledge
856 _uhttps://www.tandfonline.com/loi/rppa20
942 _2ddc
942 _cTFEJ
999 _c78925
_d78925
945 _a1
_bMadushi Gamage
_c1
_dMadushi Gamage